| 000 | 01633nam2a22003011 4500 | ||
|---|---|---|---|
| 001 | rc\4837254 | ||
| 005 | 20130426141915.0 | ||
| 021 |
_aRU _b[68-34492] |
||
| 021 |
_aRU _b[68-35353] |
||
| 021 |
_aRU _b[68-34348] |
||
| 035 | _a(NLR Aleph) 008891776 | ||
| 090 |
_a8647025 _c8647025 |
||
| 100 | _a20130426d1968 |||y0rusy50 ca | ||
| 101 | 0 | _arus | |
| 102 | _aRU | ||
| 105 | _aa z ||||| | ||
| 200 | 1 |
_aТепло- и массоперенос в реологических системах _e[Доклады совещания] _fПод общ. ред. акад. А.В. Лыкова и чл.-кор. АН БССР Б.М. Смольского |
|
| 210 |
_aМинск _cНаука и техника _d1968 |
||
| 215 |
_a363 с. _cчерт. _d20 |
||
| 320 | _aБиблиогр. в конце докладов | ||
| 461 | 0 |
_1001rc\4837251 _12001#$aТепло- и массоперенос$e[Материалы совещания]$fПод общ. ред. акад. АН БССР А.В. Лыкова и чл.-кор. АН БССР Б.М. Смольского$gИн-т тепло- и массообмена АН БССР. Т. 1-$vТ. 3 _98647008 _cМосква _d1968- _fПод общ. ред. акад. АН БССР А.В. Лыкова и чл.-кор. АН БССР Б.М. Смольского _nЭнергия _o[Материалы совещания] _tТепло- и массоперенос _vТ. 3 |
|
| 702 | 1 |
_aЛыков _bА. В. _gАлексей Васильевич _4340 |
|
| 702 | 1 |
_aСмольский _bБ. М. _4340 |
|
| 801 | 0 |
_aRU _bNLR _gpsbo |
|
| 801 | 1 |
_aRU _bELAR _2rusmarc |
|
| 852 |
_aNLR _j68-3/3103 |
||
| 942 | _cBOOK | ||
| 980 | _aNB | ||